000 00752cam a2200265 a 4500
001 000008412
005 20200929161335.0
008 850815s1975 sp 000 f spa d
020 _a8432021180
040 _aDO-SdBNP
_bspa
_cDLC
_dBNPHU
082 _aM863.44
_bR935p
100 1 _aRulfo, Juan,
_d1917-1986
_922675
245 1 0 _aPedro Páramo y el llano en llamas /
_cJuan Rulfo.
260 _aBarcelona :
_bPlaneta,
_c1975.
300 _a254 p. ;
_c18 cm.
490 1 _aPopular
650 4 _aNovela mexicana
_93959
650 4 _aLiteratura mexicana
_91922
650 4 _aViolencia
_xNovela
_922676
650 4 _aDolor
_xNovela
_922677
650 4 _aCampesinos
_zMéxico
_xNovela
_922678
830 0 _aPopular
_913374
910 _aWM
049 _aBNGR
999 _c8183
_d8183